Normal view
MARC view
- Supervisor: Dr. Muhammad Arfan and Co-Supervisor: Dr. Shahid Hameed
Entry Personal Name
001 - CONTROL NUMBER
- control field: 127682
003 - CONTROL NUMBER IDENTIFIER
- control field: NUST
005 - DATE AND TIME OF LATEST TRANSACTION
- control field: 20250120161858.0
008 - FIXED-LENGTH DATA ELEMENTS
- fixed length control field: 250120|| aca||aabn | a|a d
040 ## - CATALOGING SOURCE
- Original cataloging agency: NUST
- Transcribing agency: NUST
100 ## - HEADING--PERSONAL NAME
- Personal name: Supervisor: Dr. Muhammad Arfan and Co-Supervisor: Dr. Shahid Hameed
670 ## - SOURCE DATA FOUND
- Source citation: Work cat.: (NUST)612730: Ahmed, Naeem 127673, Solution Phase Synthesis, Characterization, and Biological Screening of β-Peptides/
